[Event "7th Uppsala Young Champions"]
[Site "Uppsala"]
[Date "2020.10.23"]
[Round "1.8"]
[White "Soderstrom, Adrian"]
[Black "Stefansson, Vignir Vatnar"]
[Result "0-1"]
[WhiteElo "2168"]
[BlackElo "2313"]
[Annotator "TA"]
[PlyCount "94"]
[EventDate "2020.10.23"]
[EventType "swiss"]
[EventCountry "SWE"]
[SourceTitle "playchess.com"]
[Source "ChessBase"]
[SourceQuality "1"]

{[%evp 9,94,40,52,11,33,26,29,-22,-18,-14,17,7,37,29,36,29,25,31,131,125,114,122,107,112,107,85,101,99,65,86,226,232,216,127,130,-42,-51,-51,-45,-121,-71,-221,-29,-52,-41,-51,-20,-20,-29,-46,-34,-49,-18,-35,-58,-66,0,-26,-30,-74,-52,-60,-30,-83,-86,-444,-419,-510,-491,-495,-454,-587,-536,-722,-826,-775,-775,-9507,-29947,-29983,-29984,-29984,-29980,-29985,-29986,-29986,-29987]} 1. d4 f5 2. Bg5 h6 3. Bh4 g5 4. e4 Nf6 5. e5 e6 $1 6. exf6 {A80: Dutch Defence: Unusual White second moves.} (6. Bg3 {keeps more tension.} f4 7. Bd3 Rg8 8. exf6 Qxf6 9. Qh5+) 6... Qxf6 7. Bg3 {And now Be5 would win.} f4 8. Nf3 (8. Qh5+ $142 Kd8 9. Nf3) 8... Nc6 $11 9. c3 Bg7 {[#]} 10. Nbd2 $146 ({Predecessor:} 10. Bb5 O-O 11. Nbd2 fxg3 12. O-O g4 13. Bxc6 bxc6 14. Ne5 gxh2+ 15. Kh1 h5 16. Qe2 Qf5 17. Kxh2 c5 18. f3 cxd4 19. cxd4 Qf4+ 20. g3 Qxd4 21. Ng6 Ba6 {0-1 (21) Schmedders,H (2086)-Georg,H (2181) Ruhrgebiet 2004}) 10... b6 11. Bb5 Bb7 12. O-O O-O-O 13. a4 d6 (13... e5 $14) 14. a5 $16 (14. Ne4 $6 Qf7 $11) 14... Nxa5 15. b4 Nc6 16. Bxc6 Bxc6 17. Rxa7 fxg3 18. fxg3 Qg6 19. Qe2 b5 (19... Bb7 $16 {might work better.}) 20. c4 $1 $18 {[%cal Rc4b5]} g4 21. cxb5 Bb7 (21... Bd5 $2 22. b6 $18) 22. Nh4 $2 (22. Qc4 gxf3 23. Rc1 Qf7) (22. Rc1 $16 gxf3 23. Qc4) 22... Bxd4+ $15 23. Kh1 Qg7 $1 24. Rxb7 (24. Qxe6+ $15 Qd7 25. Qxd7+ Rxd7 26. Ra3) 24... Kxb7 $17 25. Qxe6 (25. Nb3 $17 Rhf8 26. Rb1) 25... Qe5 $2 ({Black should play} 25... Rhf8 $1 $19 {[%cal Rf8f1] aiming for ...Rxf1+.} 26. Rd1 (26. Rxf8 $2 Rxf8 27. Qe4+ d5 $19) 26... Kb8) 26. Qxg4 $11 {Hoping for Nhf3.} Qd5 $1 27. Nb3 Bb6 28. Na5+ Bxa5 29. bxa5 Qxb5 $40 {[%cal Rb5f1][%mdl 192] Double Attack. Black has some attack.} 30. Rc1 Rhe8 31. Nf3 h5 ({Don't go for} 31... Qxa5 $2 32. Rb1+ Kc6 33. Nd4+ Kd5 34. Nf3 $18) 32. Qg7 Qd7 (32... Rd7 $15 33. Qa1 Ka8) 33. a6+ Ka8 34. Qd4 {Qd5+ is the strong threat.} c5 35. Qd5+ Ka7 36. Nd4 {[#]} (36. h4 $11) 36... Rc8 $1 $17 ({Of course not} 36... cxd4 $6 37. Qxd4+ Ka8 38. Qd5+ Ka7 39. Qd4+ Ka8 40. Qd5+ Kb8 41. Rb1+ Ka7 42. Qd4+ Ka8 43. Qd5+ Ka7 44. Qd4+ Ka8 45. Qd5+ Ka7 $11) 37. Rb1 $2 {[%mdl 8192]} (37. Nf3 $17 {nothing else works.}) 37... cxd4 38. Rb7+ Kxa6 {[%cal Re8e1]} 39. Rb1 {[#] Threatening mate with Qa2+.} Rc5 $1 {[%cal Rc5d5]} 40. Ra1+ Kb6 41. Rb1+ Kc7 42. Qxd4 {[#]} Qc6 $1 {( -> ...Rc1+)} 43. Qg7+ Kc8 44. Qb2 {[#]Black mates.} Rb5 $1 {[%mdl 512]} 45. Qa1 (45. Qxb5 Qxb5) 45... Rxb1+ 46. Qxb1 Qe4 {[%cal Re4b1]} 47. Qc1+ Kd7 {Never resign too early! Av CentiPawn Loss W=-62/B=469. Weighted=-57/277} 0-1

[Event "7th Uppsala Young Champions"]
[Site "Uppsala"]
[Date "2020.10.23"]
[Round "1.9"]
[White "Kruckenhauser, Arthur"]
[Black "Frank, Adam"]
[Result "1/2-1/2"]
[WhiteElo "2301"]
[BlackElo "2129"]
[Annotator "TA"]
[PlyCount "97"]
[EventDate "2020.10.23"]
[EventType "swiss"]
[EventCountry "SWE"]
[SourceTitle "playchess.com"]
[Source "ChessBase"]
[SourceQuality "1"]

{[%evp 9,97,-1,55,55,56,60,82,86,83,85,82,87,87,90,92,87,97,102,100,101,112,108,121,92,87,80,105,100,96,81,103,79,159,148,168,158,156,128,219,203,250,97,127,126,130,120,139,27,147,112,210,88,100,100,130,128,122,130,129,127,125,123,133,141,158,68,183,161,147,141,155,143,144,139,79,0,0,0,0,0,0,0,0,0,0,0,0,-62,0,0]} 1. e4 e5 2. Nf3 Nc6 3. Nc3 Nf6 4. a3 d5 5. Bb5 dxe4 (5... Nxe4 $11 6. Qe2 Nxc3 7. Qxe5+ Be7 8. Qxc3 O-O) 6. Nxe5 $1 $14 {C47: Scotch Four Knights and Four Knights with 4 g3.} Bd7 7. Bxc6 Bxc6 8. Nxc6 {White is better.} bxc6 9. Qe2 Bd6 10. Nxe4 O-O {White must now prevent ...Nxe4.} 11. Nxd6 {[#]} cxd6 $146 ({Predecessor:} 11... Qxd6 12. d3 Rfe8 13. Be3 Nd5 14. O-O Qe5 15. c3 Nxe3 16. fxe3 Qxe3+ 17. Qxe3 Re5 {½-½ (37) Dere,P (2061)-Masango,S (2181) Mumbai 2020}) 12. O-O Qb6 13. d3 Rfe8 14. Qf3 d5 15. b4 Re6 16. Bb2 Rae8 17. h3 h6 18. c4 dxc4 19. dxc4 Ne4 20. Rad1 Qb7 ({Better is} 20... a5) 21. Qg4 $16 {[%csl Gb2][%cal Rg4g7]} Rg6 22. Qd7 Qb8 23. Rfe1 c5 (23... Rge6 $16) 24. bxc5 {Hoping for c6.} Kh7 25. Qd4 $2 (25. Bd4 $18) 25... Qf4 26. Qe3 $1 {[%cal Re3f4]} Qh4 {Strongly threatening ...Ng5.} 27. Rd4 {[%cal Rd4e4]} f5 28. Rf1 ({White should try} 28. Re2 $16) 28... Rc8 (28... Qh5 $11 {keeps the balance.} 29. Rd3 Ree6) 29. Kh2 Rxc5 {[#]} (29... Qf6 $16) 30. g3 (30. g4 $1 $18 {[%mdl 512] and the rest is easy. Rxe4 is the strong threat.} Rgc6 (30... fxg4 31. Rxe4) 31. gxf5 Rxc4 32. Rg1 Rxd4 33. Bxd4) 30... Qe7 31. f3 Qb7 32. fxe4 Qxb2+ 33. Rd2 {[%mdl 64] Discovered Attack} Qb6 34. exf5 Rf6 35. Qd3 Qc7 36. Rf4 Re5 37. Re2 (37. h4 $16) 37... Rd6 (37... Qd6 $14 38. Re3 Qxd3 39. Rxd3 Rfxf5) 38. Qc2 $18 Rxe2+ 39. Qxe2 {[%mdl 4096] Endgame KQR-KQR} Qa5 {aiming for ...Rd2!} 40. Rf2 Qxa3 41. f6 Rxf6 42. Qc2+ (42. Rxf6 $16 {Threatening mate with Re6.} gxf6 43. Qc2+ Kg7 44. c5) 42... Rg6 $1 $11 43. g4 Qd6+ 44. Kg2 $1 Qc6+ 45. Kh2 Qd6+ 46. Kg2 $1 Qc6+ 47. Kg1 Qc5 48. h4 ({White should play} 48. Kf1 $11) 48... h5 (48... Qh5 $1 $15 49. Rf4 Qxh4) 49. Kf1 {Black escapes into a draw. Av CentiPawn Loss W=-18/B=-18. Weighted=-25/-25} 1/2-1/2

[Event "7th Uppsala Young Champions"]
[Site "Uppsala"]
[Date "2020.10.23"]
[Round "1.10"]
[White "Rozman, Monika"]
[Black "Stalmach, Richard"]
[Result "0-1"]
[WhiteElo "2129"]
[BlackElo "2296"]
[Annotator "TA"]
[PlyCount "114"]
[EventDate "2020.10.23"]
[EventType "swiss"]
[EventCountry "SWE"]
[SourceTitle "playchess.com"]
[Source "ChessBase"]
[SourceQuality "1"]

{[%evp 12,114,45,45,44,39,27,36,20,36,50,6,31,31,65,47,42,27,8,0,0,0,0,0,12,-7,34,26,72,66,64,-48,-46,-47,-7,-88,-50,-68,-56,-72,-68,-67,-77,-77,0,0,0,0,34,-41,-37,-135,-91,-82,-31,-31,-40,-96,-49,-52,0,-31,-3,-10,-7,-121,0,-135,-142,-135,-143,-443,0,0,0,-575,-575,-567,-573,-533,-531,-899,-844,-29980,-29981,-29981,-29982,-29982,-29983,-29983,-29972,-29974,-29975,-29973,-29974,-29985,-625,-703,0,-29985,-29986,-29987,-29988,-29988,-902]} 1. e4 c5 2. Nf3 e6 3. d4 cxd4 4. Nxd4 Nc6 5. Nc3 Nf6 6. Ndb5 Bc5 7. Bf4 O-O {B45: Sicilian Four Knights.} 8. Bc7 Qe7 9. Bd6 $1 {[%cal Rd6e7]} Bxd6 {White is slightly better.} 10. Qxd6 Qd8 $1 {10...Qd8 is better than 10...Ne8.} 11. O-O-O a6 12. Nd4 $1 Qa5 {[#]} 13. f3 $146 ({Predecessor:} 13. Nb3 Qb6 14. f3 Qe3+ 15. Kb1 b5 16. Bd3 Bb7 17. Rde1 Qb6 18. e5 Ne8 19. Bxh7+ Kxh7 20. Qxf8 {1-0 (26) Paseka,M (1898)-Ivanov,S (1717) Bratislava 2019}) 13... Ne8 14. Nxc6 bxc6 15. Qd4 d5 16. h4 Rb8 17. g4 Bd7 18. Qd2 Nd6 (18... Qb4 {is more complex.} 19. b3 a5 20. Qe3 a4 21. Nxa4 Qa3+) 19. h5 Nb5 20. Bxb5 axb5 {[%cal Ba6b5,Bb5b4][%mdl 32]} 21. g5 ({Better is} 21. h6 $14 g6 22. Qf4 (22. exd5 exd5 23. Qd4 f6 $14)) 21... b4 $15 22. Nb1 Qc7 23. Rdg1 (23. h6 $11) 23... f6 24. gxf6 Rxf6 25. Rh4 Rxf3 {[#]} 26. Qg2 $1 {[%csl Gg1][%cal Rg2g7][%mdl 512]} Rf7 27. Rg4 {[%cal Rg4g7]} Be8 (27... Qe5 $17) 28. h6 $1 $11 {[%cal Rg4g7]} Rb7 29. Nd2 Qa5 30. Qh3 (30. hxg7 $14 Qa7 31. Qh3 Rxg7 32. Rxg7+ {[%mdl 64] Discovered Attack} Rxg7 33. Qxe6+ {[%mdl 64] Double Attack} Qf7 34. Rxg7+ Kxg7 35. Qe5+ Kg8 36. c3) 30... g6 $15 31. R4g2 (31. Qg3 $15 Rbe7 32. Kb1) 31... Rf6 32. Nb3 Qa7 (32... Qxa2 $17 {Threatens to win with ...Rbf7.} 33. Qh4 Rbf7) 33. Re1 Rbf7 34. Rge2 (34. Kb1 $15) 34... Bd7 ({Not} 34... Qxa2 35. exd5 cxd5 36. Rxe6 $16) 35. Qg3 Rf4 ({Black should try} 35... Qb6 $15) 36. Qg5 Qb6 37. Qe5 Bc8 $36 {[%mdl 2048] Black has good play.} 38. Nd4 {[#]} (38. Kb1 $11 {remains equal.}) 38... c5 {[#]} ({Black should play} 38... Qc7 $1 $17 {[%cal Rc7e5]} 39. Qxc7 Rxc7) 39. exd5 (39. Nf5 $1 $11 {[%mdl 512] was the only way to keep the balance.} exf5 40. Qxf4 fxe4 41. Qe5) 39... Rxd4 $17 40. dxe6 Re7 {Strongly threatening ...Qa7.} 41. Rf1 $2 {[%mdl 8192]} (41. Qf6 $17 Qd8 42. Rf2) 41... Qd8 $2 (41... Qxe6 $19 42. Qh8+ {[%mdl 64] Decoy} Kxh8 43. Rf8+ Qg8 44. Rxg8+ Kxg8 45. Rxe7 Bg4) 42. Ref2 $1 $11 {[%cal Rf2f8] Rf8+! would kill now.} Bxe6 43. Rf8+ $2 {[%mdl 8192] Black converts the advantage convincingly.} (43. Qf6 $1 $11 {and White is okay.} Bf5 44. Rxf5 gxf5 45. Qg5+ Kf8 46. Qxf5+ {[%mdl 64] Double Attack} Ke8 47. Rg1) 43... Qxf8 $19 44. Rxf8+ Kxf8 45. Qxc5 Re4 46. a3 Bf5 {aiming for ...Re1+.} 47. axb4 Re1+ 48. Kd2 R1e2+ 49. Kd1 Bxc2+ 50. Kc1 Bf5 51. Qd6 Ke8 52. Qb8+ Kf7 53. Qf4 Re1+ (53... Rc2+ $142 54. Kd1 Rd7+ 55. Ke1 Ra7 56. Qd2 Re7+ 57. Kd1 Rxd2+ 58. Kxd2 g5 59. b5 g4 60. b6 g3 61. b7 Rxb7 62. Ke3 Rxb2 63. Kd4 g2 64. Kd5 g1=Q 65. Ke5 Rb5+ 66. Kf4 Rb4+ 67. Kxf5 Qc5#) 54. Kd2 R1e2+ $2 (54... R1e4 $19 55. Qf1 Rxb4) 55. Kd1 $2 {[%mdl 8192]} (55. Kc1 $11 Rc2+ 56. Kb1 Rf2+ 57. Qxf5+ gxf5 58. Ka2 f4 59. b5 f3 60. b6 Rd2 61. Kb3 f2 62. Kc4 f1=Q+ 63. Kc3 Re3+ 64. Kb4 Rd4+ 65. Kc5 Qc4#) 55... R2e4 {Black mates.} 56. Qg3 Rd7+ 57. Kc1 Rc4+ {Av CentiPawn Loss W=-84/B=-75. Weighted=-77/-64} 0-1

[Event "7th Uppsala Young Champions"]
[Site "Uppsala"]
[Date "2020.10.23"]
[Round "1.11"]
[White "Mica, Marek"]
[Black "Falkevall, Axel"]
[Result "1/2-1/2"]
[WhiteElo "2294"]
[BlackElo "2121"]
[Annotator "TA"]
[PlyCount "84"]
[EventDate "2020.10.23"]
[EventType "swiss"]
[EventCountry "SWE"]
[SourceTitle "playchess.com"]
[Source "ChessBase"]
[SourceQuality "1"]

{[%evp 11,84,34,35,11,16,0,0,0,0,0,0,0,0,0,22,22,30,23,19,35,66,51,65,64,79,77,84,84,99,99,122,105,91,96,108,7,25,0,51,52,95,86,150,143,143,143,173,77,86,82,282,25,39,49,61,19,18,0,0,0,0,0,0,0,0,0,0,-56,-45,-37,0,-73,0,-45,0]} 1. d4 Nf6 2. c4 e6 3. Nf3 Bb4+ 4. Nbd2 d6 5. a3 Bxd2+ 6. Qxd2 O-O 7. b4 {E11: Bogo-Indian.} a5 8. Bb2 axb4 9. axb4 {The position is equal.} Rxa1+ 10. Bxa1 b5 11. cxb5 Bb7 12. e3 Nbd7 (12... Bxf3 $5 13. gxf3 Nbd7 $11) 13. Be2 {[#]} Ne4 $146 ({Predecessor:} 13... Qa8 14. O-O Qa4 15. Rc1 Ra8 16. Bc3 Ne4 17. Qb2 Nb6 18. Be1 Nd5 19. Nd2 Nxd2 20. Qxd2 {1-0 (37) Stegariu,V (2268)-Hertel,J (1984) Groningen 2014}) 14. Qc2 f5 15. O-O Ndf6 16. Nd2 Nxd2 17. Qxd2 Ne4 18. Qc2 Rf7 19. Bc4 Qe7 20. f3 Nf6 21. Bc3 g5 22. Ra1 g4 23. f4 (23. Ra7 $16 Bd5 24. b6 Bxc4 25. Rxc7 {[%mdl 64] Double Attack}) 23... Bd5 24. Bf1 Ne4 ({Better is} 24... h5 $11) 25. Be1 $14 Qd8 26. Bc4 Bxc4 (26... Kg7 $142) 27. Qxc4 $16 d5 28. Qc6 Qd6 29. Qa6 (29. Ra6 $18 {has better winning chances.}) 29... Rf8 30. Rc1 Rb8 $2 {[#]} (30... Qd7 $16 {keeps fighting.}) 31. Rc6 $2 (31. Qa5 $1 $18) 31... Qd7 $11 {[#]} 32. Qa7 $1 Rc8 33. Qb7 {And now b6 would win.} Qe8 $1 34. Rxc7 Rxc7 35. Qxc7 {b6 is the strong threat.} Qxb5 36. Qc2 Qa6 37. Qd1 Qc4 38. g3 Kf7 39. Kg2 (39. Qa4 $11) 39... Kg6 {[%mdl 1024] Black has compensation.} 40. Kg1 Kf7 41. Kg2 (41. Qa4 $11 {remains equal.}) 41... Kg6 42. Kg1 Kf7 {Av CentiPawn Loss W=-21/B=-19. Weighted=-19/-18} 1/2-1/2

[Event "7th Uppsala Young Champions"]
[Site "Uppsala"]
[Date "2020.10.23"]
[Round "1.12"]
[White "Ostlund, Joar"]
[Black "Van Dael, Siem"]
[Result "0-1"]
[WhiteElo "2106"]
[BlackElo "2285"]
[Annotator "TA"]
[PlyCount "60"]
[EventDate "2020.10.23"]
[EventType "swiss"]
[EventCountry "SWE"]
[SourceTitle "playchess.com"]
[Source "ChessBase"]
[SourceQuality "1"]

{[%evp 14,60,70,59,66,13,36,28,18,25,14,-22,-22,-21,-22,-22,-21,-38,-32,-22,-18,-16,-38,-34,-35,-33,0,-156,-156,-157,-157,-156,-157,-155,-157,-370,-369,-422,-417,-427,-414,-424,-425,-529,-528,-762,-734,-29991,-29992]} 1. d4 g6 2. c4 Bg7 3. Nc3 d6 4. e4 e5 5. Nf3 Nc6 6. Bg5 f6 7. Be3 Nh6 8. dxe5 fxe5 {[#] A42: Modern Defence: Averbakh Variation.} 9. Bg5 $146 (9. c5 $14) ({Predecessor:} 9. h3 O-O 10. c5 dxc5 11. Bc4+ Kh8 12. Bxc5 Re8 13. Qxd8 Rxd8 14. Nb5 b6 15. Ba3 Na5 16. Be2 {½-½ (54) Perez Ponsa,F (2586)-Fedoseev,V (2665) ICC INT 2016}) 9... Qd7 $11 10. c5 Nf7 {White has an edge.} 11. cxd6 Nxd6 12. Bb5 Nxb5 13. Nxb5 {Hoping for Qxd7+.} Nd4 14. Nbxd4 exd4 15. Rc1 b6 16. O-O O-O 17. Qb3+ Kh8 18. Qd5 Qxd5 19. exd5 Rf7 20. Bd8 $2 (20. Rfe1 $1 $11) 20... Ba6 $17 21. Bxc7 Bxf1 22. Kxf1 {[#]} Rf5 $1 23. d6 {aiming for d7.} Rd5 24. Ke2 $2 {Now White is beyond hope.} (24. Rd1 $17) 24... d3+ $19 {[%mdl 64] Discovered Attack} 25. Kd1 Re8 26. b3 Kg8 27. Rc4 b5 {[%cal Bb6b5,Bb5b4][%mdl 32]} 28. Rc6 b4 29. Nd2 Bc3 {( -> ...Rde5)} 30. f3 {[#]} Re2 $1 {[%mdl 64] Double Attack. Av CentiPawn Loss W=-88/B=-3. Weighted=-138/-3} 0-1

[Event "7th Uppsala Young Champions"]
[Site "Uppsala"]
[Date "2020.10.23"]
[Round "1.13"]
[White "Carlsson, Ludvig"]
[Black "Johnson, Daniel"]
[Result "1-0"]
[WhiteElo "2281"]
[BlackElo "2100"]
[Annotator "TA"]
[PlyCount "83"]
[EventDate "2020.10.23"]
[EventType "swiss"]
[EventCountry "SWE"]
[SourceTitle "playchess.com"]
[Source "ChessBase"]
[SourceQuality "1"]

{[%evp 9,83,1,10,18,0,0,3,0,23,21,68,66,63,50,75,65,77,80,75,81,73,75,82,78,89,72,64,28,47,-11,-5,-27,39,37,47,30,84,87,83,81,86,64,97,88,219,102,218,201,243,242,365,170,181,163,237,183,196,208,202,177,497,494,610,604,561,544,512,440,433,440,786,784,709,733,29990,29991]} 1. d4 d5 2. Bf4 Nf6 3. e3 e6 4. Nf3 Bd6 5. Bg3 O-O 6. c4 {D02: 1 d4 d5 2 Nf3 sidelines, including 2...Nf6 3 g3 and 2...Nf6 3 Bf4.} b6 7. Nc3 Bb7 8. Qc2 {The position is equal. 8.Be2 is a critical line.} Nbd7 {[#]} (8... c5 {feels hotter.} 9. Rd1 Nc6 10. dxc5 bxc5 11. Qb3 Na5) 9. cxd5 $146 ({Predecessor:} 9. Bd3 Bxg3 10. hxg3 h6 11. cxd5 exd5 12. Bf5 Re8 13. O-O-O Qe7 14. g4 Ne4 15. Bxd7 Qxd7 {1-0 (34) Foisor,C (2405)-Foisor,M (2193) Sarata Monteoru 2011}) 9... exd5 10. Bxd6 $1 cxd6 11. Qb3 Nb8 {[%cal Bd7b8,Bb8c6,Bc6a5,Ba5c4][%mdl 32]} 12. Be2 Kh8 13. O-O Nc6 14. a4 Na5 15. Qa2 Rc8 16. Rfc1 Qe7 17. b4 Nc4 18. Nd1 Ne4 19. Qb3 (19. Nb2 $14) 19... f5 $11 20. Nb2 {[%cal Rb2c4]} f4 (20... g5 $1 $11 21. Nxc4 dxc4 22. Bxc4 g4) 21. Nxc4 $14 dxc4 22. Bxc4 fxe3 (22... Ng5 $11 23. Bd5 Rxc1+ 24. Rxc1 Nxf3+ 25. Bxf3 Bxf3 26. gxf3 fxe3) 23. Qxe3 $16 {Black is now going downhill.} d5 24. Bd3 Qxb4 25. Rxc8 Rxc8 26. Ne5 Qb2 {[#]} (26... Rc7 $16 {might work better.}) 27. Re1 (27. Rf1 $1 $18) 27... Rf8 (27... Qb4 $16) 28. f3 $18 ({Not} 28. Bxe4 dxe4 29. h4 Qb4 $14) 28... Nf6 29. g4 Qb4 (29... Bc8 $142 30. Rc1 Be6) 30. a5 (30. g5 $142 Nh5 31. Nd7) 30... Bc8 31. axb6 axb6 (31... Qxb6 {was called for.} 32. Rb1 Qd6) 32. Rb1 Qd6 33. Rc1 Bb7 34. Bb1 Qb4 $2 (34... Nd7 {is tougher.} 35. f4 Nxe5 36. Qxe5 (36. fxe5 Qe6 $16) (36. dxe5 Qe7 $16) 36... Qxe5 37. dxe5 (37. fxe5 Rc8 $16) 37... Rc8 38. Rxc8+ Bxc8) 35. Bf5 Ne8 36. Nd7 {aiming for Rb1.} Rg8 37. Be6 Qe7 {next ...Nd6 is good for Black.} 38. Re1 Nd6 39. Bxg8 Qxd7 (39... Qxe3+ $142 40. Rxe3 Kxg8 41. Nxb6 Nb5 42. Re8+ Kf7) 40. Be6 Qd8 41. Qf4 Nc4 {[#]} 42. Bd7 $1 {[%mdl 576] Back Rank. Av CentiPawn Loss W=-18/B=-66. Weighted=-23/-57} 1-0

[Event "7th Uppsala Young Champions"]
[Site "Uppsala"]
[Date "2020.10.23"]
[Round "1.14"]
[White "Dingertz, Erik"]
[Black "Radeva, Viktoria"]
[Result "*"]
[WhiteElo "2002"]
[BlackElo "2263"]
[Annotator "TA"]
[PlyCount "42"]
[EventDate "2020.10.23"]
[EventType "swiss"]
[EventCountry "SWE"]
[SourceTitle "playchess.com"]
[Source "ChessBase"]
[SourceQuality "1"]

{[%evp 17,41,-17,-20,-8,0,-19,0,-58,0,-77,-71,-823,-830,-801,-794,-687,-284,-887,-774,-29992,-1410,-1237,-1004,-29998,-29999,-29999]} 1. e4 c5 2. Nc3 e6 3. f4 d5 4. Nf3 Nc6 5. exd5 exd5 6. Bb5 Nf6 7. Bxc6+ bxc6 8. O-O Be7 9. b3 O-O 10. Na4 {B23: Closed Sicilian: Lines without g3.} Bg4 11. Ba3 {[#]} Qc7 $146 ({Predecessor:} 11... Nd7 12. h3 Bxf3 13. Qxf3 Re8 14. Rae1 Bf8 15. Rxe8 Qxe8 16. Qf2 Qe4 17. d3 Qd4 {1-0 (48) Pakhomov,A (2449)-Bulatov,S (2330) Alapaevsk 2007}) 12. Qe1 (12. h3 $11 c4 13. Bxe7 Bxf3 14. Qxf3 Qxe7 15. d3) 12... Rfe8 (12... Bxf3 $15 13. Rxf3 Rfe8) 13. d3 (13. Ne5 $11) 13... Qxf4 $17 14. Qa5 $2 {[%mdl 8192] [#]} (14. Ne5 $17 Qg5 15. Qg3) 14... Bxf3 $19 15. gxf3 Bd6 {[%csl Gd6][%cal Rf4h2]} 16. Rf2 Be5 (16... Nh5 $142 17. Bxc5 Bxc5 18. Nxc5 Qd4) 17. Re1 $2 {[#]} (17. Bb2) 17... Bd4 $1 {( -> ...Qxf3)} 18. Ref1 Qxf3 (18... Ng4 $142 19. Kh1 Nxf2+ 20. Rxf2 Bxf2 21. Kg2 Re2 22. Qd2 Rxd2 23. Bxc5 Bxc5+ 24. Kf1 Qxf3+ 25. Ke1 Qf2#) 19. Bxc5 Re5 {[%cal Re5g5]} 20. Bxd4 Rg5+ 21. Rg2 Qxg2# {Black took control after the opening. Av CentiPawn Loss W=-265/B=-236. Weighted=-371/-161} *

[Event "7th Uppsala Young Champions"]
[Site "Uppsala"]
[Date "2020.10.23"]
[Round "1.15"]
[White "Nemec, Jachym"]
[Black "Muntean, Victor"]
[Result "1-0"]
[WhiteElo "2246"]
[BlackElo "1968"]
[Annotator "TA"]
[PlyCount "83"]
[EventDate "2020.10.23"]
[EventType "swiss"]
[EventCountry "SWE"]
[SourceTitle "playchess.com"]
[Source "ChessBase"]
[SourceQuality "1"]

{[%evp 14,83,57,39,75,52,70,56,196,199,183,195,175,195,196,188,200,188,202,188,190,196,193,158,236,225,217,218,220,198,276,264,323,325,318,153,199,155,154,145,151,144,143,131,259,248,302,295,436,423,511,504,635,630,624,623,612,604,585,572,2059,2055,5015,5056,29981,29982,29985,2228,1621,1541,713,649]} 1. d4 Nf6 2. c4 g6 3. Nc3 Bg7 4. e4 d6 5. Nf3 O-O 6. Be2 e5 7. d5 Nbd7 8. Bg5 Qe8 {E93: King's Indian: Classical: Petrosian System with 7...Nbd7.} 9. Nd2 h6 {[#]} 10. Be3 $146 ({Predecessor:} 10. Bh4 a5 11. O-O Nc5 12. f3 Nh7 13. b3 f5 14. a3 Bf6 15. Bf2 Qe7 16. b4 Na6 17. c5 dxc5 18. Bxa6 cxb4 19. Bc4 {1-0 (19) Kaiser,J (1896)-List,T (1927) Rotenburg 2009}) 10... Nxe4 {Loses the game.} (10... a5 $14) 11. Ndxe4 $18 (11. Ncxe4 $6 f5 $16) 11... f5 {[#]} 12. Nb5 $1 {[%csl LRa7,LRc7][%cal Rb5c7,Bc3b5,Bb5a3,Ba3c2][%mdl 96] Double Attack} Qd8 13. Nec3 a6 14. Na3 f4 15. Bd2 e4 16. Nxe4 Bxb2 17. Nc2 Bxa1 18. Qxa1 (18. Nxa1 $6 Qe7 $16) 18... Ne5 (18... Qe7 $16 19. f3 Nc5) 19. Nd4 Bf5 20. Nxf5 Rxf5 21. Qd4 f3 (21... Qh4 {keeps fighting.} 22. Kd1 Qe7) 22. gxf3 Qh4 23. f4 Re8 24. fxe5 (24. Kd1 $18 {has better winning chances.} Rxf4 {[#]} 25. Nf6+ $1 {[%mdl 512]} Qxf6 26. Bxf4) 24... Rfxe5 $16 25. Rg1 Qxe4 26. Qxe4 Rxe4 27. Be3 g5 28. Kd2 c6 (28... Rh4 $16 {might work better.}) 29. Rb1 $18 Rh4 {If Black can now play ...cxd5 this consolidates a bit.} 30. Bf3 ({Much less strong is} 30. Rxb7 cxd5 31. cxd5 Ra4 $18) 30... g4 (30... Rxc4 {was necessary.} 31. Rxb7 c5) 31. dxc6 gxf3 32. cxb7 {[%mdl 4096] Endgame KRR-KRB} Rb8 33. Ba7 Rxb7 34. Rxb7 Rxc4 {KRB-KR} 35. Ke3 Rc3+ 36. Kf4 Ra3 37. Kf5 Rxa2 38. Be3 a5 39. Bxh6 Re2 40. Bg5 (40. Kf6 $142 Re4 41. Bg5 Re2 42. h4 Re4 43. h5 Rb4 44. Ra7 Re4 45. h6) 40... Kf8 41. Be3 a4 42. Ke4 {Av CentiPawn Loss W=-44/B=-75. Weighted=-35/-36} 1-0